| 000 | 00418nam a2200157 a 4500 | ||
|---|---|---|---|
| 001 | 000007575 | ||
| 005 | 20200929154223.0 | ||
| 008 | 090909s1972 dr 001 0 spa d | ||
| 040 | _aDO-SdBNP | ||
| 082 |
_axxx _bC965o |
||
| 100 | 1 |
_aCuello, Antonio _920610 |
|
| 245 | 1 | 0 |
_aOrtografĂa práctica y prosodia / _cAntonio Cuello. |
| 260 |
_aSanto Domingo : _bTaller, _c1972. |
||
| 300 |
_a104 p. : _b20 cm. |
||
| 049 | _aBNPD | ||
| 999 |
_c7356 _d7356 |
||